Personnages de Yakuza Kiwami avec images - Statistiques

Statistiques générales
  • Ce quiz a été pris 14 fois
  • Le résultat moyen est 12 sur 20
Statistiques - réponses
Par images Réponse % Correct
Kazuma Kiryu
100%
Akira Nishikiyama
93%
Goro Majima
93%
Haruka
93%
Makoto Date
93%
Shintaro Kazama
93%
Futoshi Shimano
86%
Reina
86%
Osamu Kashiwagi
79%
Masaru Sera
71%
Yumi Sawamura
64%
Kyohei Jingu
57%
Shinji Tanaka
57%
Yuya
57%
Lau Ka Long
29%
Kazuki
21%
Kazuto Arase
7%
Hiroshi Hayashi
0%
Koji Shindo
0%
Matsushige
0%
Aucun quiz correspondant
Distribution des résultats
% des personnes avec chaque résultat
Percentile par nombre de réponses
Votre historique - résultats
Vous n’avez pas pris ce quiz